| 000 | 01343naa a2200361 c 4500 | ||
|---|---|---|---|
| 001 | 48738 | ||
| 999 |
_c48738 _d48738 |
||
| 003 | ES-MaCES | ||
| 005 | 20161229122502.0 | ||
| 008 | 161229s2016 us ||||| t||||||| ||eng d | ||
| 040 |
_aES-MaCES _bspa _cES-MaCES _dES-MaCES |
||
| 245 | 0 | 0 |
_aWhat is the case for paid maternity leave? _cGordon B. Dahl, Katrine V. Løken, Magne Mogstad, Kari Vea Salvanes |
| 500 | _aResumen | ||
| 504 | _aBibliografía: p. 669-670 | ||
| 650 | 4 |
_927816 _alicencia de maternidad |
|
| 650 | 4 |
_927040 _aprestaciones de maternidad |
|
| 650 | 4 |
_927318 _afamilia |
|
| 650 | 4 |
_930598 _aresponsabilidades familiares |
|
| 650 | 4 |
_928657 _amujeres |
|
| 650 | 4 |
_929565 _atrabajadora madre de familia |
|
| 650 | 4 |
_927062 _acuidado infantil |
|
| 650 | 4 |
_927303 _aconciliación |
|
| 650 | 4 |
_927029 _apolítica social |
|
| 650 | 4 |
_929892 _areforma legislativa |
|
| 650 | 4 |
_926958 _aNoruega |
|
| 653 | 1 | 0 | _aMujer |
| 700 | 1 |
_937659 _aDahl, Gordon B. |
|
| 700 | 1 |
_937660 _aLøken, Katrine V. |
|
| 700 | 1 |
_937661 _aMogstad, Magne |
|
| 700 | 1 |
_937662 _aSalvanes, Kari Vea |
|
| 773 | 0 |
_985452 _dAmsterdam (P.O. Box 1991, 1000 BZ) Elsevier Science _o088350 _tThe review of Economics and Statistics _w(ES-MaCES)25211 _gvol. 98, no. 4 (Oct. 2016) {10195 R. 088350} ;p. 655-670 |
|
| 902 | _aART Artículo de revista | ||
| 942 |
_2CES _cAR _h3.3. |
||